Espèces : Félidés - Statistiques

Statistiques générales
  • Ce quiz a été pris 84 fois
  • Le résultat moyen est 12 sur 37
Statistiques - réponses
Par images Réponse % Correct
Guépard
92%
Léopard
89%
Lion
86%
Tigre
86%
Puma
85%
Jaguar
77%
Ocelot
70%
Panthère des neiges
68%
Serval
58%
Caracal
48%
Chat sauvage
48%
Lynx boréal
42%
Lynx canadien
24%
Chat des sables
23%
Chat viverrin
23%
Manul
23%
Panthère nébuleuse
21%
Jaguarondi
20%
Lynx roux
20%
Margay
18%
Lynx pardelle
14%
Oncille
12%
Chat à pieds noirs
11%
Chat de Temminck
11%
Chat-léopard
11%
Chaus
11%
Colocolo
11%
Chat à tête plate
8%
Chat bai
8%
Chat des Andes
6%
Chat doré africain
6%
Chat rubigineux
6%
Chat de Geoffroy
5%
Oncille du Sud
5%
Panthère nébuleuse de Bornéo
5%
Kodkod
3%
Chat marbré
0%
Aucun quiz correspondant
Distribution des résultats
% des personnes avec chaque résultat
Percentile par nombre de réponses
Votre historique - résultats
Vous n’avez pas pris ce quiz